000 00625nam a22001937a 4500
003 OSt
005 20251120125456.0
008 251120b |||||||| |||| 00| 0 eng d
020 _a971-0489-29-9.
040 _aDWCL-Main lib
_cOC
082 _aFil. 657.45 C117a 2008
100 _aMa. Elenita B. Cabrera
245 _aAssurance principles, professional ethics and good governance
_cMa. Elenita B. Cabrera
260 _aManila :
_bGIC Enterprises & Co., Inc.,
_cc2008.
300 _axxii, 1120 pages ;
_c23 cm.
504 _aIncludes bibliographical references.
650 _21. Auditing.
942 _2ddc
_cBK - FIL
_kFil.
_n0
999 _c5868
_d5868